| 000 | 00657nam a22002057a 4500 | ||
|---|---|---|---|
| 999 |
_c8995 _d8995 |
||
| 003 | AR-CdUCM | ||
| 008 | 190327b ||||| |||| 00| 0 spa d | ||
| 040 |
_aMUNICIPALIDAD PROVINCIAL DEL CUSCO _cBIBLIOTECA MUNICIPAL DEL CUSCO |
||
| 082 |
_a636.089 / _bM58 |
||
| 100 |
_aMiller, Wiliam C. _924910 |
||
| 245 | _aDiccionario enciclopédico de Veterinaria / | ||
| 260 |
_aBarcelona : _bEdiciones Corona, _c1962. |
||
| 300 |
_a1204 páginas ; _bilustraciones ; láminas ; _c22 cm. |
||
| 650 |
_aDiccionario _95196 |
||
| 650 |
_aEnciclopedia _918075 |
||
| 650 |
_aVeterinaria _919735 |
||
| 700 |
_aWet, Geoffrey P. _924911 |
||
| 942 |
_2ddc _cLIBROS |
||
| 945 | _azta | ||